000 00718nam a2200145Ia 4500
008 100122s9999 xx 000 0 und d
082 _b36223
_aNill
100 _aपातज्जंली
245 _aपातज्जलं महाभाष्यम ( कैयट विराट संहितम् ) पञचमो%ध्याया
260 _c0
300 _a512
630 _aपातज्जलं महाभाष्यम ( कैयट विराट संहितम् ) पञचमो%ध्याया
730 _aपातज्जलं महाभाष्यम ( कैयट विराट संहितम् ) पञचमो%ध्याया
942 _cBOOK
999 _c383366
_d383363